| 000 | 00702nam a22002057a 4500 | ||
|---|---|---|---|
| 001 | 85318 | ||
| 003 | BD-RjUL | ||
| 005 | 20250724143438.0 | ||
| 008 | 220117s1961 pk ||||| |||| 00| 0 urd d | ||
| 035 | _a(BD-RjUL) 85318 | ||
| 040 |
_aBD-RjUL _beng _cBD-RjUL |
||
| 041 | _aurd | ||
| 082 |
_223 _a491.439 _bMAU1965 |
||
| 100 |
_aمظہر علی ;; Mazhar ali _9782 |
||
| 245 |
_aاردو کا کلاسیکی ادب : اردو کا کلاسیکی ادب : بیتا پچیی ## urdu ka kalasiki adab :beta pachyi / _cمظہر علی ;;Mazhar Ali |
||
| 260 |
_a لاہور ;; Lahore : _bMajlise taraqi Adab, _c1961 |
||
| 300 |
_a194 p. ; _c22 cm |
||
| 650 |
_aUrdu Languae _9783 |
||
| 942 |
_2ddc _cBK |
||
| 999 |
_c85318 _d85318 |
||